000 00964nam a2200265Ia 4500
003 GCL
008 140319s9999 xx 000 0 ara d
040 _aGCL /
_cGCL
082 0 4 _a378.103
_bع ا
100 1 _aعبدالعزيز عبدالله السنبل
245 1 0 _aالادوار المطلوبة من جامعات دول الخليج العربية فى مجال خدمة المجتمع /
_cعبدالعزيز عبدالله السنبل
700 1 _aنورالدين محمد عبدالجواد
260 _a[S.N] :
_bمكتبة التربية العربى لدول الخليج ،
_c1993
300 _a246 ص
490 _a
650 0 4 _aالمجتمع
650 0 4 _aالتعليم
650 0 4 _aالتعليم العالى
650 0 4 _aالخدمة الاجتماعية
650 0 4 _aالخدمات العامة
650 0 4 _aالجامعات
650 0 4 _aعمداء الكليات
650 0 4 _aالعمداء
942 _2ddc
_cBK
999 _c32541
_d32541